000 01049nam a22002417a 4500
999 _c63528
_d63528
005 20240530110646.0
008 171101s2016 ua g b 000 0 ara d
017 _a2015/16045
_bمصر. دار الكتب
020 _a9789773506711
040 _aEG-CaGPL
_cEG-CaGPL
082 0 4 _221
_a345.02525 /
_bم م
100 0 _aمصطفى السعداوى
245 1 2 _aالمواجهة الجنائية للجرائم غير العمدية :
_bدراسة نقدية تحليلية تطبيقية لموقف الفقة والقضاء المقارن مع القانون الفرنسى /
_cمصطفى السعداوى
250 _aط. 1
260 _aالقاهرة :
_bدار الكتاب الحديث ،
_c2016.
300 _a385 ص. ؛
_c24 سم.
490 _aالموسوعة القانونية للحقوق السياسية
504 _aيشتمل على ارجاعات ببليوجرافية
650 0 7 _2qrmak
_aالجريمة والمجرمون
651 _2qrmak
942 _2ddc
_cBK